Письма (два) Леонида Никольского Анатолию Евграфовичу Молчанову о письмах к нему Марии Гавриловны Савиной

Доступно только в Электронных читальных залах Найти на картеНа карте
RUSMARC
00003883nmc2a22002413x 450
001cf380f0e-42a6-4081-b316-8d1b579c7d17
00520211210102113.0
100##$a20210920l17911921k l0rusy0189 ca
1010#$arus
102##$aRU
105##$ay###
1221#$ad
2001#$aПисьма (два) Леонида Никольского Анатолию Евграфовичу Молчанову о письмах к нему Марии Гавриловны Савиной
$j29 сентября 1916 г.; без даты
215##$a3 л.
$d16х24 см
251##$cДело
300##$aПисьма и телеграммы по поводу кончины Марии Гавриловны Савиной. Письма и телеграммы Анатолию Евграфовичу Молчанову
371##$aДокумент не является опубликованным и широко распространяемым
461#0$1001db61d72f-43f2-409f-8a83-e0351aa81d78
$12001
$aМолчанов Анатолий Евграфович (1856-1921), вице-президент Русского театрального общества, редактор журнала "Ежегодник императорских театров", председатель правления Русского общества пароходства и торговли
$1251
$cФонд
$1852
$j678
462#0$10019dad07dd-c609-4d13-9b36-4e45395a7de5
$12001
$a1791-1921 гг.
$1251
$cОпись
$1852
$j1
801#0$aRU
$bРГИА
$c20210920
$gRCR
801#1$aRU
$bГлавНИВЦ
$c20210920
$2rusmarc
801#2$aRU
$bПБ им. Б.Н. Ельцина
$c20211210
$gRCR
$2rusmarc
850##$aРГИА
852##$aРГИА
$eФедеральное казенное учреждение "Российский государственный исторический архив" (РГИА)
$j1166
937##$hРГИА
$d12322397
$aASBIBLIO_SCAN
035##$aRusGRCC00032552
856##$uhttp://readingroom.main.prlib.ru/item.aspx?id_node=n171398016&mode=full
Формат отображения